000 00698nam a2200265Ia 4500
003 OSt
005 20221006140656.0
006 a|||||r|||| 00| 0
007 ta
008 221006b |||||||| |||| 00| 0 jpn d
020 _c¥350 (each)
024 _a349
037 _bGift, Japan Foundation
_cTextual
040 _aEASL
_cEASL
_bjpn
041 _2jpn
_ajpn
082 _aP42, L41;1
100 _aWATANABE Shoichi
_9643170
245 0 _aNihongo no kokoro
260 _aTokyo
_bKodansha Japan
_c1974
300 _a216p.
_ccm.
490 _v JL
650 _aJL
942 _hP42, L41;1
_cTEXL
_2CC
999 _c1068436
_d1068436